| 000 | 01072cam a2200325 a 4500 | ||
|---|---|---|---|
| 001 | 1395190 | ||
| 003 | OSt | ||
| 005 | 20230605124306.0 | ||
| 008 | 821014s1981 at a b f001 0 eng | ||
| 010 | _a 82156734 | ||
| 020 | _a0642048193 | ||
| 020 | _a0642048207 (pbk.) | ||
| 040 |
_aDLC _cDLC _dDLC |
||
| 043 | _au-at--- | ||
| 050 | 0 | 0 |
_aKU2185 _b.A98 1981 |
| 082 | 0 | 0 |
_a328.94/05 _219 |
| 110 | 1 |
_aAustralia. _bParliament. _bHouse of Representatives. |
|
| 245 | 1 | 0 |
_aHouse of Representatives practice / _ceditor, J.A. Pettifer ; assistant editors, A.R. Browning, J.K. Porter. |
| 260 |
_aCanberra : _bAustralian Govt. Pub. Service, _c1981. |
||
| 300 |
_axxxvii, 966 p. : _bill. ; _c26 cm. |
||
| 500 | _aIncludes index. | ||
| 504 | _aBibliography: p. 891-942. | ||
| 610 | 1 | 0 |
_aAustralia. _bParliament. _bHouse of Representatives _vRules and practice. |
| 700 | 1 |
_aPettifer, J. A. _q(John Athol) |
|
| 700 | 1 |
_aBrowning, A. R. _q(Alan Robert) |
|
| 700 | 1 | _aPorter, J. K. | |
| 906 |
_a0 _bcbc _corignew _d2 _encip _f19 _gy-gencatlg |
||
| 942 |
_2ddc _cBK |
||
| 999 |
_c388 _d388 |
||